000
00330 a2200109 4500
001
ART_6467
005
20260410161826.0
008
260409a
245
1
0
_a
Política social y acumulación de capital en la Argentina
100
1
_a
Nahon, Cecilia
773
0
_t
FACES
_g
- Año 8, Nº 15 (sep./dic. 2002)
_w
REV5046
999
_c
22763
_d
22763